000 00642nam a22002297a 4500
003 LC
005 20160322151302.0
008 130918t xxu||||| |||| 00| 0 eng d
020 _a9780439598088
050 _aPZ 7
_b.Au933 2003
082 _aFIC
_bAu7p 2003
100 _aAusten, Jane
_93072
245 _aPride and prejudice /
_cJane Austen.
260 _aNew York :
_bScholastic Inc,
_c2003.
300 _a64 p. ;
_c20 cm.
650 _aFiction.
_9746
650 _aSocial classes -- Juvenile fiction.
650 _aYoung women -- Juvenile fiction.
650 _aCourtship -- Juvenile fiction.
942 _2lcc
_cBK
999 _c11626
_d11626